[Event "Ibiza-ch"]
[Site "Ibiza"]
[Date "2017.11.11"]
[Round "3"]
[White "Vidal Torres, Roberto"]
[Black "Roig Squire, Jason"]
[Result "0-1"]
[WhiteElo "1586"]
[BlackElo "2005"]
[PlyCount "54"]
[EventDate "2017.11.04"]
[EventType "swiss"]
[EventRounds "7"]
[EventCountry "ESP"]
[SourceTitle "EXT 2024"]
[Source "ChessBase"]
[SourceDate "2023.10.10"]
[SourceVersion "1"]
[SourceVersionDate "2023.10.10"]
[SourceQuality "1"]

1. e4 e5 2. Nf3 Nc6 3. Nc3 g6 4. d4 exd4 5. Nxd4 Bg7 6. Nxc6 bxc6 7. Bc4 Ne7 8. 0-0 0-0 9. Bg5 d6 10. h3 Be6 11. Qe2 h6 12. Bh4 Bxc4 13. Qxc4 g5 14. Bg3 Rb8 15. Rab1 Qd7 16. Rfd1 Qe6 17. Qa6 Rb6 18. Qxa7 Rfb8 19. Qxc7 Bxc3 20. Rxd6 Qxa2 21. Rd8+ Rxd8 22. Qxd8+ Kg7 23. bxc3 Rxb1+ 24. Kh2 Qe6 25. Bd6 Ng6 26. e5 Re1 27. h4 gxh4 0-1

[Event "Ibiza-ch"]
[Site "Ibiza"]
[Date "2017.11.04"]
[Round "1"]
[White "Vidal Torres, Roberto"]
[Black "Roig Torres, Josep Antoni"]
[Result "1-0"]
[WhiteElo "1586"]
[BlackElo "1155"]
[PlyCount "69"]
[EventDate "2017.11.04"]
[EventType "swiss"]
[EventRounds "7"]
[EventCountry "ESP"]
[SourceTitle "EXT 2024"]
[Source "ChessBase"]
[SourceDate "2023.10.10"]
[SourceVersion "1"]
[SourceVersionDate "2023.10.10"]
[SourceQuality "1"]

1. e4 e6 2. d4 d5 3. e5 c5 4. Nf3 Nc6 5. dxc5 Bxc5 6. Bb5 Nge7 7. 0-0 0-0 8. Bg5 Qb6 9. Bxc6 Nxc6 10. b3 h6 11. Bh4 a5 12. Nc3 d4 13. Na4 Qb4 14. a3 Qb5 15. Nxc5 Qxc5 16. Re1 b6 17. Qd3 Ba6 18. Qd2 Ra7 19. h3 Rd7 20. c4 d3 21. Qe3 Nd4 22. Nxd4 Rxd4 23. Qg3 Rc8 24. Bf6 Qf8 25. Rad1 d2 26. Re2 Kh7 27. Qe3 Qc5 28. Be7 Qxe7 29. Qxd4 Qxa3 30. Qd3+ g6 31. Rexd2 Rc5 32. Qf3 Kg7 33. Qf6+ Kh7 34. Qxf7+ Kh8 35. Rd8# 1-0

[Event "Ibiza-ch"]
[Site "Eivissa"]
[Date "2016.11.20"]
[Round "5"]
[White "Vidal Torres, Roberto"]
[Black "Reina Fernandez, Fabian"]
[Result "1-0"]
[WhiteElo "1595"]
[BlackElo "1470"]
[PlyCount "48"]
[EventDate "2016.11.06"]
[EventType "swiss"]
[EventRounds "7"]
[EventCountry "ESP"]
[SourceTitle "EXT 2018"]
[Source "ChessBase"]
[SourceDate "2017.10.13"]
[SourceVersion "1"]
[SourceVersionDate "2017.10.13"]
[SourceQuality "1"]

1. e4 e6 2. d4 d5 3. e5 c5 4. Nf3 Nc6 5. Bb5 Bd7 6. Be2 Qb6 7. c3 Nge7 8. 0-0 Nf5 9. Bd3 cxd4 10. cxd4 Ncxd4 11. Nxd4 Nxd4 12. Be3 Qxb2 13. Nd2 Bc5 14. Qg4 Bf8 15. Qxd4 Ba3 16. Qxb2 Bxb2 17. Rab1 Bxe5 18. Rxb7 h6 19. Rxa7 Rb8 20. f4 Bc3 21. Nf3 f6 22. Rb1 Rc8 23. Ba6 Ke7 24. Bxc8 Rxc8 1-0

[Event "Eivissa City-chT"]
[Site "Eivissa"]
[Date "2015.03.21"]
[Round "3.2"]
[White "Vidal Torres, Roberto"]
[Black "Martinez Colomar, Alejandro"]
[Result "0-1"]
[WhiteElo "1656"]
[BlackElo "1821"]
[PlyCount "52"]
[EventDate "2015.03.07"]
[EventType "team-tourn"]
[EventRounds "5"]
[EventCountry "ESP"]
[SourceTitle "EXT 2016"]
[Source "ChessBase"]
[SourceDate "2015.10.08"]
[SourceVersion "1"]
[SourceVersionDate "2015.10.08"]
[SourceQuality "1"]
[WhiteTeam "Yebisah"]
[BlackTeam "Santa Eulalia"]
[WhiteTeamCountry "ESP"]
[BlackTeamCountry "ESP"]

1. e4 c5 2. Nf3 d6 3. Nc3 Nc6 4. d4 cxd4 5. Nxd4 Nf6 6. Bb5 Bd7 7. 0-0 g6 8. h3 Bg7 9. Be3 0-0 10. Qd2 Rc8 11. Rad1 Nxd4 12. Bxd4 Nxe4 13. Nxe4 Bxb5 14. Rfe1 Bxd4 15. Qxd4 Rxc2 16. a4 Ba6 17. b4 b6 18. Ng5 h6 19. Qe4 Rc4 20. Qd5 hxg5 21. Qxg5 Rxb4 22. h4 e6 23. Qg3 Qxh4 24. Qxd6 Rb2 25. g3 Qh3 26. Re4 Bb7 0-1

[Event "Eivissa City-chT"]
[Site "Eivissa"]
[Date "2015.03.14"]
[Round "2.2"]
[White "Ruiz Ruiz, Luis"]
[Black "Vidal Torres, Roberto"]
[Result "1-0"]
[WhiteElo "2053"]
[BlackElo "1656"]
[PlyCount "55"]
[EventDate "2015.03.07"]
[EventType "team-tourn"]
[EventRounds "5"]
[EventCountry "ESP"]
[SourceTitle "EXT 2016"]
[Source "ChessBase"]
[SourceDate "2015.10.08"]
[SourceVersion "1"]
[SourceVersionDate "2015.10.08"]
[SourceQuality "1"]
[WhiteTeam "Ibiza 64"]
[BlackTeam "Yebisah"]
[WhiteTeamCountry "ESP"]
[BlackTeamCountry "ESP"]

1. Nf3 d5 2. c4 Nf6 3. cxd5 Nxd5 4. e4 Nb6 5. d4 e6 6. Nc3 Be7 7. Be3 N8d7 8. Be2 Nf6 9. 0-0 0-0 10. Rc1 c6 11. Qd2 Bd7 12. Rfd1 Rc8 13. h3 Bb4 14. Qd3 Qe7 15. a3 Bxc3 16. Rxc3 h6 17. Nd2 Rfd8 18. Nb3 Na4 19. Rc2 b6 20. Bf3 b5 21. Bd2 c5 22. Nxc5 Rxc5 23. dxc5 Bc6 24. Qe3 Qb7 25. b3 Bxe4 26. Bxe4 Nxe4 27. bxa4 bxa4 28. c6 1-0

[Event "ESP-ch Seniors 10th"]
[Site "Mondariz"]
[Date "2012.10.10"]
[Round "1"]
[White "Coll Pons, Guillem"]
[Black "Vidal Torres, Roberto"]
[Result "1-0"]
[WhiteElo "2040"]
[BlackElo "1705"]
[PlyCount "61"]
[EventDate "2012.10.10"]
[EventType "swiss"]
[EventRounds "9"]
[EventCountry "ESP"]
[SourceTitle "EXT 2013"]
[Source "ChessBase"]
[SourceDate "2012.11.22"]
[SourceVersion "1"]
[SourceVersionDate "2012.11.22"]
[SourceQuality "1"]

1. d4 Nf6 2. c4 e6 3. Nc3 Bb4 4. e3 0-0 5. Bd3 d5 6. Nge2 c5 7. a3 Bxc3+ 8. bxc3 dxc4 9. Bxc4 Qc7 10. Bd3 c4 11. Bc2 b5 12. e4 Bb7 13. f3 Qe7 14. Bg5 h6 15. Bh4 g5 16. Bf2 Nbd7 17. h4 g4 18. Qd2 Kg7 19. Ng3 gxf3 20. gxf3 Rh8 21. Rg1 Kf8 22. Be3 Ng8 23. h5 Rd8 24. Qh2 Qd6 25. Qg2 Ke7 26. Ne2 e5 27. dxe5 Nxe5 28. Nd4 Qd7 29. Qg3 Kd6 30. Rd1 Bd5 31. Nf5+ 1-0